000 00537nam a2200169Ia 4500
008 090201s9999 xx 000 0 und d
010 _aKPL-61174
040 _bमराठी
041 _aमराठी
082 _a818
_b61174
100 _aशाम भुर्के
245 _aबँकेत शेखर सुमन
_cशाम भुर्के
260 _c1999
_bसन पब्लिकेशन्स
300 _a93
_bमोठा
600 _aबँकेत शेखर सुमन
942 _cBOOK
999 _c201931
_d201931